| 000 | 00996nam a2200121Ia 4500 | ||
|---|---|---|---|
| 008 | 220615s9999||||xx |||||||||||||| ||und|| | ||
| 245 | 0 |
_aSurvivability under Overheating _bThe impact of Regional and Global Climate Change on Vulnerable and Low Income Population |
|
| 546 | _aEnglish[eng] | ||
| 650 | _aMediterranean||semi-arid||drought||standardized precipitation evapotranspiration index (SPEI)||climate warming||soil moisture||urban heat islands||environmental justice||climate change||redlining||heatwave||diurnal temperature range||time-series||relative risk||health||transpiration cooling||coastal cities||sap flow||subtropical desert climate||urban overheating||cluster analysis||air temperature||wind speed and wind directions||synoptic conditions||urban heat island||mitigation||resilience||survivability||low-income population | ||
| 700 | _aSynnefa, Afroditi||Haddad, Shamila||Rajagopalan, Priya||Santamouris, Matthaios | ||
| 856 | _uhttps://mdpi.com/books/pdfview/book/3246 | ||
| 942 | _cEB | ||
| 999 |
_c12038 _d12038 |
||